Математическая модель нестационарных гидравлических процессов, протекающих в каскаде газовых центрифуг при разделении многокомпонентных изотопных смесей; Физико-технические проблемы в науке, промышленности и медицине

Detalhes bibliográficos
Parent link:Физико-технические проблемы в науке, промышленности и медицине.— 2015.— [С. 130]
Autor principal: Ушаков А. А.
Autor Corporativo: Национальный исследовательский Томский политехнический университет
Outros Autores: Совач В. П., Орлов А. А. Алексей Алексеевич
Resumo:Заглавие с титульного экрана
Idioma:russo
Publicado em: 2015
Colecção:Математическое моделирование в фундаментальных и прикладных исследованиях
Assuntos:
Acesso em linha:http://earchive.tpu.ru/handle/11683/17635
http://www.lib.tpu.ru/fulltext/c/2015/C49/103.pdf
Formato: MixedMaterials Recurso Electrónico Capítulo de Livro
KOHA link:https://koha.lib.tpu.ru/cgi-bin/koha/opac-detail.pl?biblionumber=612698

MARC

LEADER 00000naa2a2200000 4500
001 612698
005 20250506135410.0
035 |a (RuTPU)RU\TPU\conf\10829 
035 |a RU\TPU\conf\10828 
090 |a 612698 
100 |a 20150624d2015 k y0rusy50 ca 
101 0 |a rus 
102 |a RU 
105 |a y z 101zy 
135 |a drgn ---uucaa 
181 0 |a i  
182 0 |a b 
200 1 |a Математическая модель нестационарных гидравлических процессов, протекающих в каскаде газовых центрифуг при разделении многокомпонентных изотопных смесей  |f А. А. Ушаков, В. П. Совач, А. А. Орлов 
203 |a Текст  |c электронный 
225 1 |a Математическое моделирование в фундаментальных и прикладных исследованиях 
300 |a Заглавие с титульного экрана 
320 |a [Библиогр.: с. 130 (1 назв.)] 
337 |a Adobe Reader 
463 0 |0 (RuTPU)RU\TPU\conf\10637  |t Физико-технические проблемы в науке, промышленности и медицине  |o сборник тезисов докладов VII Международной научно-практической конференции, г. Томск, 3-6 июня 2015 г.  |f Национальный исследовательский Томский политехнический университет (ТПУ) ; под ред. А. Н. Дьяченко [и др.]  |v [С. 130]  |d 2015 
610 1 |a труды учёных ТПУ 
610 1 |a электронный ресурс 
610 1 |a математические модели 
610 1 |a нестационарные процессы 
610 1 |a гидравлические процессы 
610 1 |a газовые центрифуги 
610 1 |a изотопные смеси 
700 1 |a Ушаков  |b А. А. 
701 1 |a Совач  |b В. П. 
701 1 |a Орлов  |b А. А.  |c физик  |c профессор Томского политехнического университета, доктор технических наук  |f 1962-  |g Алексей Алексеевич  |3 (RuTPU)RU\TPU\pers\25498  |9 11434 
712 0 2 |a Национальный исследовательский Томский политехнический университет  |c (2009- )  |9 26305 
801 2 |a RU  |b 63413507  |c 20210210  |g RCR 
850 |a 63413507 
856 4 |u http://earchive.tpu.ru/handle/11683/17635 
856 4 |u http://www.lib.tpu.ru/fulltext/c/2015/C49/103.pdf 
942 |c BK